Οικολογικές τάσεις του Διεθνούς Δικαίου
Αποθηκεύτηκε σε:
| Άλλοι συγγραφείς: | , |
|---|---|
| Μορφή: | Βιβλίο |
| Γλώσσα: | Greek |
| Δημοσίευση: |
Αθήνα :
Σιδέρης,
1996
|
| Θέματα: | |
| Ετικέτες: |
Προσθήκη ετικέτας
Δεν υπάρχουν, Καταχωρήστε ετικέτα πρώτοι!
|
MARC
| LEADER | 00000nam a2200000 i 4500 | ||
|---|---|---|---|
| 001 | 1/63133 | ||
| 008 | 041019s1996 gre d | ||
| 020 | |a 960-08-0083-9 | ||
| 035 | |l 10074777 | ||
| 040 | |a GR-MY-UA |b gre |e aacr | ||
| 041 | 0 | |a gre | |
| 082 | 0 | |a 341.762 | |
| 245 | 1 | 0 | |a Οικολογικές τάσεις του Διεθνούς Δικαίου / |c Philippe Sands (editor) ; εισαγωγή-επιμέλεια Κώστας Χατζηκωνσταντίνου |
| 260 | |a Αθήνα : |b Σιδέρης, |c 1996 | ||
| 300 | |a 481 σ. | ||
| 504 | |a Περιέχει βιβλιογραφικές αναφορές | ||
| 650 | 0 | 0 | |a Environmental law, International. |
| 700 | 1 | |a Sands, Philippe |d 1960- |4 edt | |
| 700 | 1 | |a Χατζηκωνσταντίνου, Κωνσταντίνος Θ. |4 edt | |
| 852 | |a INST |b CHIOS |e 20070809 |h 341.762 ΟΙΚ |p 005200026051 |q 005200026051 |t BK |y 0 | ||
| 852 | |a INST |b RHODES |e 20041019 |h 341.762 ΟΙΚ |p 005400018405 |q 005400018405 |t BK |y 0 | ||
| 901 | |a BIBL4-2004-3 | ||
| 901 | |a BIBL2-2007-2 | ||
| 909 | |a Ρ |b 109971 | ||
| 909 | |a Χ |b 136006 | ||
| 920 | |a ΔΙΕΥΡΥΝΣΗ |b ΕΠΕΑΕΚ ΙΙ-ΤΜΣ |y ΡΟΔΟΣ |z 2004-10 | ||
| 922 | |a 2ΕΛΗ |b 200707 |c ΕΠΕΑΕΚ2/ΤΝΕΥ |d Σ. ΠΑΤΑΚΗΣ | ||
| 970 | |a ΚΟΥΛΑΚΙΟΤΗ |b ΛΙΤΣΑ |z 2004/10/19 | ||